| 000 | 00633nam a22002297a 4500 | ||
|---|---|---|---|
| 003 | UPN | ||
| 005 | 20230310063626.0 | ||
| 008 | 230224s2018 sp|||||g |||| 00| 0 spa d | ||
| 020 | _a9788490974452 | ||
| 040 |
_aMX-MxUPN _bspa |
||
| 050 | 4 |
_aHQ1121 _bP47 2018 |
|
| 100 | 1 |
_947954 _aPérez Garzón, Juan Sisinio |
|
| 245 | 1 | 0 | _aHistoria del feminismo |
| 250 | _aTercera edición actualizada | ||
| 260 |
_aMadrid : _bCatarata, _c2018 |
||
| 300 | _a302 páginas | ||
| 490 | 0 |
_aColección relecturas ; _v6 |
|
| 650 | 4 |
_aFeminismo _xHistoria _915345 |
|
| 902 | _aVíctorGodínez/240223 | ||
| 942 |
_2lcc _cLIBRO |
||
| 999 |
_c209223 _d209223 |
||